Schneider's introduction to public health / (Record no. 1504)

MARC details
000 -LEADER
fixed length control field 03989cam a2200469 i 4500
001 - CONTROL NUMBER
control field data
005 - DATE AND TIME OF LATEST TRANSACTION
control field 20260322212103.0
008 - FIXED-LENGTH DATA ELEMENTS--GENERAL INFORMATION
fixed length control field data
035 ## - SYSTEM CONTROL NUMBER
System control number 23638898
010 ## - LIBRARY OF CONGRESS CONTROL NUMBER
LC control number 2024016065
020 ## - INTERNATIONAL STANDARD BOOK NUMBER
International Standard Book Number 9781284291803
Qualifying information (paperback)
040 ## - CATALOGING SOURCE
Original cataloging agency DNLM/DLC
Language of cataloging eng
Description conventions rda
Transcribing agency DLC
Modifying agency DLC
042 ## - AUTHENTICATION CODE
Authentication code pcc
050 00 - LIBRARY OF CONGRESS CALL NUMBER
Classification number RA425
Item number .K88 2026
060 00 - NATIONAL LIBRARY OF MEDICINE CALL NUMBER
Classification number WA 100
Item number .K78 2026
082 00 - DEWEY DECIMAL CLASSIFICATION NUMBER
Classification number 362.1
Edition information 23/eng/20240701
084 ## - OTHER CLASSIFICATION NUMBER
Classification number MED078000
Number source bisacsh
100 1# - MAIN ENTRY--PERSONAL NAME
Personal name Kruger, Jessica,
Relator term author.
245 10 - TITLE STATEMENT
Title Schneider's introduction to public health /
Statement of responsibility, etc. Jessica S. Kruger, Andy Moralez, C. Eduardo Siqueira.
246 1# - VARYING FORM OF TITLE
Title proper/short title Introduction to public health
250 ## - EDITION STATEMENT
Edition statement Seventh edition.
264 #1 - PRODUCTION, PUBLICATION, DISTRIBUTION, MANUFACTURE, AND COPYRIGHT NOTICE
Place of production, publication, distribution, manufacture Burlington, MA :
Name of producer, publisher, distributor, manufacturer Jones & Bartlett Learning,
Date of production, publication, distribution, manufacture, or copyright notice [2026]
300 ## - PHYSICAL DESCRIPTION
Extent xix, 455 pages :
Other physical details color illustrations ;
Dimensions 23 cm
336 ## - CONTENT TYPE
Content type term text
Content type code txt
Source rdacontent
337 ## - MEDIA TYPE
Media type term unmediated
Media type code n
Source rdamedia
338 ## - CARRIER TYPE
Carrier type term volume
Carrier type code nc
Source rdacarrier
500 ## - GENERAL NOTE
General note Preceded by Introduction to public health / Mary-Jane Schneider with Henry S. Schneider ; drawings by Henry Schneider. Sixth Edition. 2021.
504 ## - BIBLIOGRAPHY, ETC. NOTE
Bibliography, etc. note Includes bibliographical references and index.
505 0# - FORMATTED CONTENTS NOTE
Formatted contents note Public Health : Science, Politics, and Prevention -- The Drivers of Health -- Health Across the Lifespan -- Government Influence and Responsibilities -- Public Health Research Methods -- The Role of Statistics and Data in Public Health -- Infectious Diseases -- COVID-19 : Experiencing and Learning from a Global Pandemic -- The Science and Principles of Epidemiology -- Genetic and Chronic Diseases -- Behavioral Contributors to Disease Risk -- Public Health Approaches to Mental Health -- A Clean Environment : The Basis of Public Health -- Climate Change: The Most Important Public Health Challenge of the 21st Century? -- Regulations that Impact Health -- The U.S. Medical System as a Public Health Problem -- The Future of Public Health.
520 ## - SUMMARY, ETC.
Summary, etc. Offering a thorough, accessible and lively overview of public health for students new to the field, Schneider's Introduction to Public Health offers a broad reaching, practical framework for understanding the forces and organizations of public health today. Through engaging, nontechnical language, illustrative real world examples, and the current political, economic, and cultural news of the day, students gain a clear understanding of the scope of today's public health problems and possible solutions.Building on Schneider's engaging and easy-to-read narrative approach, new author team Kruger, Moralez, and Siqueira draw on their diverse perspectives for the Seventh Edition to bring a greater focus on the social determinants of health, ecological approach, and life course experiences as a framework to understand public health in the 21st century. Key Features Updated statistics and information in every chapter illustrate the current state of public health. Streamlined organization to better align with a traditional 16-week semester course. New chapters addressing the COVID-19 pandemic, climate change, and mental health. New chapter on research methods, that includes qualitative data. Timely examples, including links to videos and websites, cover public health issues discussed in the text. Alignment with Council on Education for Public Health (CEPH) criteria for undergraduate public health--
Assigning source Provided by publisher.
650 #0 - SUBJECT ADDED ENTRY--TOPICAL TERM
Topical term or geographic name entry element Public health.
650 12 - SUBJECT ADDED ENTRY--TOPICAL TERM
Topical term or geographic name entry element Public Health
650 12 - SUBJECT ADDED ENTRY--TOPICAL TERM
Topical term or geographic name entry element Public Health Practice
650 #7 - SUBJECT ADDED ENTRY--TOPICAL TERM
Topical term or geographic name entry element MEDICAL / Public Health
Source of heading or term bisacsh
700 1# - ADDED ENTRY--PERSONAL NAME
Personal name Moralez, Andy,
Relator term author.
700 1# - ADDED ENTRY--PERSONAL NAME
Personal name Siqueira, C. Eduardo
Fuller form of name (Carlos Eduardo),
Dates associated with a name 1955-
Relator term author.
700 1# - ADDED ENTRY--PERSONAL NAME
Relationship information Preceded by (work):
Personal name Schneider, Mary-Jane,
Dates associated with a name 1939-.
Title of a work Introduction to public health.
906 ## - LOCAL DATA ELEMENT F, LDF (RLIN)
a 7
b cbc
c orignew
d 1
e ecip
f 20
g y-gencatlg
925 0# -
-- acquire
-- 2 shelf copy
-- policy default
955 ## - COPY-LEVEL INFORMATION (RLIN)
-- xm08 2024-07-01
-- xm08 2024-07-01 Telework
-- rp11 2025-03-13 to PresSrvs
985 ## -
-- DNLMCIP
-- 2024-04-11
Holdings
Withdrawn status Lost status Damaged status Not for loan Home library Current library Shelving location Date acquired Total checkouts Full call number Barcode Date last seen Price effective from Koha item type
        Riverside Riverside General stacks 22/03/2026   362.1 LOC-RPL-00051 22/03/2026 22/03/2026 Books